| 000 | 00687nam a2200193 a 4500 | ||
|---|---|---|---|
| 001 | 000040297 | ||
| 005 | 20201002034036.0 | ||
| 008 | 130802s2006 mx 000 0 spa d | ||
| 020 | _a9703237223 | ||
| 040 |
_aDO-SdBNP _bspa _cBNPHU |
||
| 100 | 1 |
_aBustamante, Octavio N. _966581 |
|
| 245 | 1 | 0 |
_aInvitación al dancing / _cOctavio N. Bustamante ; introducción Antonio Saborit. |
| 260 |
_aMéxico : _bUniversidad Nacional Autónoma de México, _c2006. |
||
| 300 |
_a56 p. ; _c18 cm. |
||
| 490 | 1 |
_aRelato Licenciado Vidriera _v42 |
|
| 700 | 1 |
_aSaborit, Antonio, _eed. _966257 |
|
| 710 | 2 |
_aUniversidad Nacional Autónoma de México _942447 |
|
| 830 | 0 |
_aRelato Licenciado Vidriera _v42 _966234 |
|
| 999 |
_c39787 _d39787 |
||